[Event "Hampstead op U2200 12"]
[Site "Hampstead"]
[Date "2013.12.22"]
[Round "5"]
[White "Eden, Tomer"]
[Black "Orishko, Yaroslav"]
[Result "1-0"]
[WhiteElo "2189"]
[BlackElo "2107"]
[PlyCount "73"]
[EventDate "2013.12.21"]
[EventType "swiss"]
[EventRounds "5"]
[EventCountry "ENG"]
[SourceTitle "EXT 2015"]
[Source "ChessBase"]
[SourceDate "2014.11.20"]
[SourceVersion "1"]
[SourceVersionDate "2014.11.20"]
[SourceQuality "1"]

1. d4 d5 2. c4 c6 3. Nc3 Nf6 4. Nf3 a6 5. c5 g6 6. h3 Bg7 7. Bf4 0-0 8. e3 b5 9. cxb6 Qxb6 10. Qb3 Qa7 11. Na4 Nbd7 12. Rc1 Bb7 13. Be2 Ne4 14. 0-0 Rac8 15. Qa3 Rfe8 16. b4 a5 17. b5 e6 18. Qb2 Nb6 19. Nxb6 Qxb6 20. Ne5 Red8 21. a4 Nd6 22. Qb1 cxb5 23. axb5 Bxe5 24. Bxe5 Nc4 25. Bf6 Re8 26. Rc2 e5 27. dxe5 Nxe5 28. Bxe5 Rxe5 29. Rxc8+ Bxc8 30. Rc1 Bb7 31. Qb2 Re8 32. Bf1 Ra8 33. Qa3 Re8 34. Rc5 Qd6 35. Qc3 a4 36. Rc7 Rd8 37. Rxb7 1-0

[Event "Hampstead op U2200 12"]
[Site "Hampstead"]
[Date "2013.12.21"]
[Round "3"]
[White "Orishko, Yaroslav"]
[Black "Hakimzadeh, Karim"]
[Result "1/2-1/2"]
[WhiteElo "2107"]
[BlackElo "1642"]
[PlyCount "77"]
[EventDate "2013.12.21"]
[EventType "swiss"]
[EventRounds "5"]
[EventCountry "ENG"]
[SourceTitle "EXT 2015"]
[Source "ChessBase"]
[SourceDate "2014.11.20"]
[SourceVersion "1"]
[SourceVersionDate "2014.11.20"]
[SourceQuality "1"]

1. d4 Nf6 2. c4 e6 3. Nc3 Bb4 4. Qc2 d5 5. cxd5 exd5 6. Nf3 0-0 7. Bg5 c6 8. e3 Nbd7 9. Bd3 Re8 10. 0-0 Bxc3 11. Qxc3 Nf8 12. b4 h6 13. Bh4 g5 14. Bg3 Ne4 15. Bxe4 dxe4 16. Ne5 Be6 17. a4 Qd5 18. Rfc1 h5 19. h3 h4 20. Bh2 f6 21. Nc4 g4 22. hxg4 Bxg4 23. Nd6 Re7 24. Qc4 Ne6 25. b5 Qxc4 26. Rxc4 cxb5 27. axb5 Rg7 28. Kf1 Ng5 29. b6 a6 30. Rc7 h3 31. Rxg7+ Kxg7 32. Nxb7 hxg2+ 33. Kxg2 Bh3+ 34. Kg3 Rb8 35. Nc5 Rxb6 36. Rxa6 Rb2 37. Ra7+ Kg6 38. Re7 Bf5 39. Rb7 1/2-1/2

[Event "Jersey op"]
[Site "St Clement Bay"]
[Date "2013.03.10"]
[Round "9"]
[White "Hickman, John"]
[Black "Orishko, Yaroslav"]
[Result "1-0"]
[WhiteElo "1934"]
[BlackElo "2145"]
[PlyCount "127"]
[EventDate "2013.03.06"]
[EventType "swiss"]
[EventRounds "9"]
[EventCountry "GCI"]
[SourceTitle "CBM 153 Extra"]
[Source "ChessBase"]
[SourceDate "2013.04.22"]
[SourceVersion "1"]
[SourceVersionDate "2013.04.22"]
[SourceQuality "1"]

1. Nf3 Nf6 2. g3 d5 3. Bg2 c5 4. 0-0 Nc6 5. d3 e6 6. Nbd2 Be7 7. e4 0-0 8. e5 Nd7 9. Re1 b6 10. h4 Bb7 11. Nf1 Qc7 12. Bf4 d4 13. N1h2 Nb4 14. Qe2 Rfd8 15. Bg5 Nf8 16. Bxe7 Qxe7 17. a3 Nd5 18. h5 h6 19. Ng4 b5 20. Nd2 Nb6 21. Bxb7 Qxb7 22. Ne4 Qe7 23. Qd2 Nh7 24. f4 Nd5 25. Rf1 f5 26. exf6 Nhxf6 27. Nexf6+ gxf6 28. Qe2 Kh7 29. Rfe1 Rd6 30. Qf3 Rg8 31. f5 Qg7 32. fxe6 Qxg4 33. Qxg4 Rxg4 34. e7 Nxe7 35. Rxe7+ Rg7 36. Rae1 Rd7 37. Rxd7 Rxd7 38. Kf2 Kg7 39. Re4 Kf7 40. Rg4 Rd5 41. Rh4 Rf5+ 42. Ke2 Ke6 43. g4 Rf4 44. Rh1 Rxg4 45. Kf3 f5 46. Re1+ Kf6 47. Re8 Kg5 48. Re5 Kxh5 49. Rxc5 Kg5 50. Rxb5 h5 51. Rb7 Rf4+ 52. Kg2 h4 53. Rxa7 Rg4+ 54. Kh2 Kf6 55. b4 f4 56. Ra8 Rg7 57. Rf8+ Ke5 58. b5 Rc7 59. a4 Rxc2+ 60. Kh3 Ra2 61. b6 Rxa4 62. b7 Rb4 63. b8Q+ Rxb8 64. Rxb8 1-0

[Event "Jersey op"]
[Site "St Clement Bay"]
[Date "2013.03.09"]
[Round "6"]
[White "Schmitz, Manuela"]
[Black "Orishko, Yaroslav"]
[Result "0-1"]
[WhiteElo "2042"]
[BlackElo "2145"]
[PlyCount "86"]
[EventDate "2013.03.06"]
[EventType "swiss"]
[EventRounds "9"]
[EventCountry "GCI"]
[SourceTitle "CBM 153 Extra"]
[Source "ChessBase"]
[SourceDate "2013.04.22"]
[SourceVersion "1"]
[SourceVersionDate "2013.04.22"]
[SourceQuality "1"]

1. d4 d5 2. Nf3 Nf6 3. c4 c6 4. Nc3 a6 5. a4 a5 6. e3 e6 7. Bd3 Be7 8. 0-0 Na6 9. Qe2 Nb4 10. Bb1 0-0 11. Rd1 b6 12. b3 Ba6 13. e4 Re8 14. e5 Nd7 15. Ne1 Qc7 16. Nc2 Rac8 17. Nxb4 axb4 18. Qc2 g6 19. Na2 dxc4 20. bxc4 c5 21. Bf4 cxd4 22. Qb2 Nxe5 23. Bg3 Qc5 24. Bd3 Nxd3 25. Rxd3 e5 26. Re1 Bf6 27. Nxb4 Bb7 28. f3 Bg7 29. Bf2 Qxc4 30. Rdd1 Qc5 31. Nd3 Qa5 32. Qa3 Bc6 33. Ra1 Ra8 34. Nb2 f5 35. Rac1 Bd5 36. Qd6 Rad8 37. Qc7 e4 38. Bh4 Be5 39. Qc2 Rd7 40. fxe4 Rc7 41. Qe2 Rxc1 42. Rxc1 fxe4 43. Nc4 Qa6 0-1

[Event "Gatwick e2e4 int op-A"]
[Site "Gatwick"]
[Date "2011.10.30"]
[Round "9"]
[White "Mihajlov, Sebastian"]
[Black "Orishko, Yaroslav"]
[Result "1/2-1/2"]
[WhiteElo "1972"]
[BlackElo "2106"]
[PlyCount "93"]
[EventDate "2011.10.26"]
[EventType "swiss"]
[EventRounds "9"]
[EventCountry "ENG"]
[SourceTitle "EXT 2014"]
[Source "ChessBase"]
[SourceDate "2013.11.20"]
[SourceVersion "1"]
[SourceVersionDate "2013.11.20"]
[SourceQuality "1"]

1. d4 d5 2. c4 c6 3. Nf3 Nf6 4. Nc3 a6 5. cxd5 cxd5 6. Bf4 Nc6 7. e3 e6 8. Bd3 Bb4 9. a3 Be7 10. h3 b5 11. b4 Bb7 12. 0-0 Rc8 13. Rc1 0-0 14. Nd2 Nb8 15. Nb3 Nbd7 16. Ne2 Ne4 17. Bxe4 dxe4 18. Nc5 Nxc5 19. dxc5 Bd5 20. Nd4 Bc4 21. Re1 Qd5 22. Qg4 f5 23. Qg3 Bf6 24. Bd6 Rfe8 25. Red1 Bd3 26. Rd2 Red8 27. Rdd1 g6 28. Kh1 Kf7 29. f3 e5 30. fxe4 Qxe4 31. Nf3 Rxd6 32. cxd6 Rxc1 33. Rxc1 Qxe3 34. Nxe5+ Qxe5 35. Qxd3 Qf4 36. Rf1 Qe5 37. d7 Bd8 38. Rd1 Qe7 39. Qd2 Kg7 40. Qd6 Qe2 41. Rg1 Qe3 42. Rd1 Qe2 43. Qd2 Qe7 44. Qd6 Qe2 45. Rg1 Qe3 46. Qxa6 Qg3 47. Rc1 1/2-1/2

[Event "Gatwick e2e4 int op-A"]
[Site "Gatwick"]
[Date "2011.10.29"]
[Round "7"]
[White "Orishko, Yaroslav"]
[Black "Hoare, Amy B"]
[Result "1-0"]
[WhiteElo "2106"]
[BlackElo "1935"]
[PlyCount "125"]
[EventDate "2011.10.26"]
[EventType "swiss"]
[EventRounds "9"]
[EventCountry "ENG"]
[SourceTitle "EXT 2014"]
[Source "ChessBase"]
[SourceDate "2013.11.20"]
[SourceVersion "1"]
[SourceVersionDate "2013.11.20"]
[SourceQuality "1"]

1. d4 Nf6 2. c4 g6 3. Nc3 d5 4. Nf3 Bg7 5. Bg5 Ne4 6. cxd5 Nxg5 7. Nxg5 e6 8. Nf3 exd5 9. e3 0-0 10. Be2 c6 11. Qc2 Bf5 12. Bd3 Bxd3 13. Qxd3 Qe7 14. 0-0 Nd7 15. b4 a6 16. a4 f5 17. b5 axb5 18. axb5 Nb6 19. bxc6 bxc6 20. g3 Qd6 21. Ra6 Rxa6 22. Qxa6 Qc7 23. Rc1 Ra8 24. Qd3 Qd6 25. Nd2 Ra3 26. Qb1 Nd7 27. Qb7 Ra5 28. Nb3 Ra3 29. Nb1 Rxb3 30. Qxb3 c5 31. dxc5 Nxc5 32. Qa3 Bf8 33. Nd2 d4 34. Nb3 Nxb3 35. Qxb3+ Kg7 36. Rd1 Qb4 37. Qxb4 Bxb4 38. Rxd4 Be7 39. Kg2 Kf6 40. Kf3 h5 41. h3 Kg5 42. g4 hxg4+ 43. hxg4 Bf6 44. Rc4 Be7 45. Kg3 Bd6+ 46. f4+ Kf6 47. Rc6 Ke7 48. Kh4 Kd7 49. Ra6 Be7+ 50. g5 Bd6 51. Kg3 Ke7 52. Ra7+ Kf8 53. Kf3 Be7 54. Ke2 Kf7 55. Kd3 Ke8 56. Kd4 Kf8 57. Rb7 Ke8 58. Ke5 Kf7 59. Rd7 Ke8 60. Ke6 Bc5 61. Rc7 Bb6 62. Rc8+ Bd8 63. Rb8 1-0

[Event "Gatwick e2e4 int op-A"]
[Site "Gatwick"]
[Date "2011.10.28"]
[Round "4"]
[White "Tikkanen, Hans"]
[Black "Orishko, Yaroslav"]
[Result "1-0"]
[WhiteElo "2591"]
[BlackElo "2106"]
[PlyCount "83"]
[EventDate "2011.10.26"]
[EventType "swiss"]
[EventRounds "9"]
[EventCountry "ENG"]
[SourceTitle "EXT 2014"]
[Source "ChessBase"]
[SourceDate "2013.11.20"]
[SourceVersion "1"]
[SourceVersionDate "2013.11.20"]
[SourceQuality "1"]

1. c4 Nf6 2. Nf3 c6 3. d4 d5 4. e3 a6 5. Bd3 e6 6. b3 c5 7. 0-0 Nc6 8. Bb2 cxd4 9. exd4 Be7 10. Nbd2 0-0 11. Re1 b6 12. Ne5 Bb7 13. Ndf3 Nxe5 14. Nxe5 Ne4 15. cxd5 exd5 16. f3 Nf6 17. Rc1 Bd6 18. Bf5 Re8 19. Re2 g6 20. Bh3 Nh5 21. g3 Ng7 22. Bd7 Rxe5 23. dxe5 Bc5+ 24. Rxc5 bxc5 25. e6 d4 26. exf7+ Kxf7 27. Bh3 Qd6 28. b4 Rd8 29. Rd2 Ne6 30. bxc5 Qxc5 31. Bxe6+ Kxe6 32. Bxd4 Rxd4 33. Rxd4 Ke5 34. f4+ Kf5 35. Qd3+ Kf6 36. Qe3 Qc6 37. Kf2 Qg2+ 38. Ke1 Qh1+ 39. Kd2 Qc6 40. Qe5+ Kf7 41. Rd6 Qg2+ 42. Qe2 1-0

[Event "Gatwick e2e4 int op-A"]
[Site "Gatwick"]
[Date "2011.10.27"]
[Round "2"]
[White "Hebden, Mark"]
[Black "Orishko, Yaroslav"]
[Result "1/2-1/2"]
[WhiteElo "2506"]
[BlackElo "2106"]
[PlyCount "131"]
[EventDate "2011.10.26"]
[EventType "swiss"]
[EventRounds "9"]
[EventCountry "ENG"]
[SourceTitle "EXT 2014"]
[Source "ChessBase"]
[SourceDate "2013.11.20"]
[SourceVersion "1"]
[SourceVersionDate "2013.11.20"]
[SourceQuality "1"]

1. d4 d5 2. Nf3 Nf6 3. c4 c6 4. e3 a6 5. Bd2 e6 6. Nc3 Bd6 7. Qc2 Nbd7 8. e4 dxe4 9. Nxe4 Nxe4 10. Qxe4 Nf6 11. Qc2 c5 12. dxc5 Bxc5 13. Bd3 Qc7 14. Bc3 Bd7 15. Ne5 Bc6 16. 0-0-0 0-0-0 17. Rhe1 Bd4 18. f4 Bxc3 19. Qxc3 Kb8 20. g3 h6 21. Rd2 Rc8 22. f5 exf5 23. Bxf5 Rcd8 24. b3 Rxd2 25. Qxd2 Re8 26. Qd4 Be4 27. Nd7+ Nxd7 28. Qxd7 Qxd7 29. Bxd7 Rd8 30. Rxe4 Rxd7 31. Kc2 Kc7 32. Kc3 f5 33. Re6 Rd6 34. Re5 g6 35. c5 Rf6 36. b4 g5 37. Re3 f4 38. gxf4 Rxf4 39. Rh3 Rf6 40. Kd4 Rf4+ 41. Kc3 Rf6 42. Kb3 b6 43. cxb6+ Kxb6 44. Ka4 Rg6 45. a3 Rf6 46. Kb3 a5 47. Ka4 axb4 48. axb4 Re6 49. Rf3 h5 50. Rf5 Rg6 51. Rf8 g4 52. Rh8 Rg5 53. Rh6+ Kb7 54. b5 g3 55. hxg3 Rxg3 56. Rxh5 Rg7 57. Ka5 Rf7 58. Rh6 Rg7 59. Rb6+ Ka7 60. Rd6 Kb7 61. Rd5 Rf7 62. Kb4 Kb6 63. Rd6+ Kb7 64. Kc5 Rf5+ 65. Rd5 Rf2 66. Re5 1/2-1/2

[Event "Gatwick e2e4 int op-A"]
[Site "Gatwick"]
[Date "2011.10.27"]
[Round "3"]
[White "Orishko, Yaroslav"]
[Black "Wood, Peter R"]
[Result "1-0"]
[WhiteElo "2106"]
[BlackElo "2027"]
[PlyCount "87"]
[EventDate "2011.10.26"]
[EventType "swiss"]
[EventRounds "9"]
[EventCountry "ENG"]
[SourceTitle "EXT 2014"]
[Source "ChessBase"]
[SourceDate "2013.11.20"]
[SourceVersion "1"]
[SourceVersionDate "2013.11.20"]
[SourceQuality "1"]

1. d4 e6 2. c4 f5 3. Nf3 Nf6 4. g3 Be7 5. Bg2 d6 6. Nc3 0-0 7. Qc2 Nc6 8. 0-0 e5 9. dxe5 dxe5 10. Rd1 Qe8 11. Nd5 Bd8 12. Bg5 Qf7 13. Rac1 e4 14. Bxf6 Bxf6 15. Nxf6+ Qxf6 16. Ne1 Be6 17. e3 Rad8 18. Bf1 Rf7 19. Rxd8+ Qxd8 20. Rd1 Rd7 21. Rxd7 Qxd7 22. Ng2 Ne5 23. Be2 Nd3 24. b3 g5 25. Bxd3 exd3 26. Qd2 Qg7 27. Ne1 Qa1 28. Kg2 b5 29. Nxd3 bxc4 30. Nc5 Kf7 31. Nxe6 Kxe6 32. bxc4 Qe5 33. Qd4 Qa5 34. Kf3 Qxa2 35. Qd5+ Kf6 36. Qc6+ Kf7 37. Qxc7+ Kg8 38. Qc8+ Kg7 39. Qxf5 Qxc4 40. Qxg5+ Kh8 41. Qd8+ Kg7 42. Qd7+ Kg6 43. Qxa7 Qd5+ 44. e4 1-0

[Event "Uxbridge op"]
[Site "Denham"]
[Date "2009.02.21"]
[Round "2"]
[White "Tart, Peter K"]
[Black "Orishko, Yaroslav"]
[Result "1-0"]
[WhiteElo "2026"]
[BlackElo "2066"]
[PlyCount "53"]
[EventDate "2009.02.20"]
[EventType "swiss"]
[EventRounds "5"]
[EventCountry "ENG"]
[SourceTitle "EXT 2011"]
[Source "ChessBase"]
[SourceDate "2010.11.26"]
[SourceVersion "1"]
[SourceVersionDate "2010.11.26"]
[SourceQuality "1"]

1. e4 d5 2. d4 dxe4 3. Nc3 Nf6 4. f3 exf3 5. Qxf3 c6 6. Bd3 Bg4 7. Qf2 e6 8. Nge2 Bd6 9. Bg5 Nbd7 10. Ne4 Be7 11. 0-0 0-0 12. Qh4 Bxe2 13. Nxf6+ Nxf6 14. Bxf6 Bxd3 15. Bxe7 Qc7 16. cxd3 Rfe8 17. Bb4 Rad8 18. Rf3 a5 19. Bc3 Rd5 20. Raf1 Re7 21. Rh3 h6 22. Rg3 Red7 23. Bd2 Rxd4 24. Rxg7+ Kf8 25. Qxh6 Ke8 26. Qf6 Re7 27. Qxd4 1-0

[Event "Uxbridge op"]
[Site "Denham"]
[Date "2009.02.20"]
[Round "1"]
[White "Orishko, Yaroslav"]
[Black "Franklin, Samuel Gideon"]
[Result "0-1"]
[WhiteElo "2066"]
[BlackElo "2142"]
[PlyCount "86"]
[EventDate "2009.02.20"]
[EventType "swiss"]
[EventRounds "5"]
[EventCountry "ENG"]
[SourceTitle "EXT 2011"]
[Source "ChessBase"]
[SourceDate "2010.11.26"]
[SourceVersion "1"]
[SourceVersionDate "2010.11.26"]
[SourceQuality "1"]

1. d4 Nf6 2. c4 g6 3. Nc3 Bg7 4. e4 d6 5. Be2 0-0 6. Bg5 Na6 7. Qd2 e5 8. d5 Qe8 9. h4 Nc5 10. Qc2 Bd7 11. h5 a5 12. hxg6 fxg6 13. 0-0-0 c6 14. Bf3 cxd5 15. Nxd5 Nxd5 16. Rxd5 Ne6 17. Bh6 Bxh6+ 18. Rxh6 Nd4 19. Qd3 Be6 20. Rxd4 exd4 21. Qxd4 Rc8 22. Kb1 Rxc4 23. Qxd6 Rc6 24. Qd2 Qf7 25. Ne2 Bxa2+ 26. Ka1 Bc4 27. Nc3 Qf4 28. Qxf4 Rxf4 29. Rh1 Rd6 30. Nd5 Bxd5 31. exd5 Rc4 32. Kb1 b5 33. b3 Rc5 34. Kb2 Kg7 35. Ra1 b4 36. Be4 Kf6 37. Re1 h5 38. f4 Rd7 39. Bf3 Re7 40. Rd1 Rd7 41. Rd4 Rd6 42. Be4 g5 43. fxg5+ Ke5 0-1